000 00451nam a2200157Ia 4500
999 _c10797
_d10797
003 OSt
005 20191226125743.0
008 190216s9999||||xx |||||||||||||| ||und||
040 _coclc
082 _a519.5
_bJOS/B
100 _aJoseph, K X
_9761
245 0 _aBusiness Statistics /
_c K X Joseph
260 _bCalicut University Central Co-Operative,
_c2001.
300 _a396p
942 _cBK
_2ddc
_h519.5
_iJOS/B
_k519.5
_mJOS/B